Double Double L Quiz Stats

Quiz Updated Oct 14, 2016

Also try: Words with Two Y's
Challenge
Share
Tweet
Embed
Score 0/28 Timer 06:00
0 Plays Today
Hint Answer % Correct
You can bump, set and spike in this sportVolleyball
92.9%
Military attendance-takingRoll Call
76.5%
What 'The Bride' aims to do in this Tarantino movieKill Bill
70.4%
A popular brand of flavoured candy 'bean'Jelly Belly
68.5%
Founded Desilu Studios with husband Desi ArnazLucille Ball
65.1%
Uneducated mountain folkHillbillies
64.7%
This type of 'Baby' won an Oscar in 2004Million Dollar
63.4%
Phone contact in which the recipient pays toll chargesCollect Call
61.5%
TV show about Superman's teenage adventuresSmallville
61.2%
Swiss national hero -
did he really shoot an apple off his son's head?
William Tell
59.4%
Band that won a Best New Artist Grammy,
then had it taken away for lip-synching
Milli Vanilli
57.8%
Sapsucker variety, or colorful term for a cowardYellow Bellied
57.4%
Burl Ives wishes you this type of ChristmasHolly Jolly
54.1%
Type of biography that divulges private informationTell All
49.4%
Hint Answer % Correct
BraveheartWilliam Wallace
49.1%
Hit song by Donovan or, dropping the last letters of each word, a Coca Cola citrus drinkMellow Yellow/Mello Yello
48.2%
Chiming leadoff track on AC/DC 'Back In Black'Hells Bells
46.6%
One who lives in the basement, or a last place teamCellar Dweller
42.4%
Road that leads into Trafalgar Square,
or a cigarette brand
Pall Mall
41.6%
The 13th president of The United StatesMillard Fillmore
40.9%
Actor who played 'Lone Starr' in Spaceballs and President Whitmore in 'Independence Day'Bill Pullman
34.4%
Object that a snooker player aims to pocketBilliard Ball
31%
This survey is historically the most accurate at predicting US election resultsGallup Poll
29.4%
Animator Walter Lantz's frozen penguinChilly Willy
26.8%
Along with Henri Richard, this hoopster has the North American pro sports record for most championshipsBill Russell
23%
Baseball Hall of Famer 'Pops' led the 1979 Pirates to the World Series championshipWillie Stargell
19.1%
Armstrong's 1964 #1 hit, Streisand's 1969 movieHello, Dolly!
15.2%
Last surviving member of The Mamas and the PapasMichelle Phillips
14.6%

You're not logged in!

Compare scores with friends on all Sporcle quizzes.
Join for Free
OR
Log In

You Might Also Like...

Show Comments

Extras

Top Quizzes Today


Score Distribution

Your Account Isn't Verified!

In order to create a playlist on Sporcle, you need to verify the email address you used during registration. Go to your Sporcle Settings to finish the process.

Report this User

Report this user for behavior that violates our Community Guidelines.

Details: